000 01144nam a2200325 a 4500
001 000112048
003 CHAP
005 20220329144244.0
008 151201s2015 mx a fsm |||||||spa d
010 _a108509
011 _a109481
040 _cCHAP
090 _aTesis
100 1 _aGarcía Moreno, Luis Raúl
_9130135
245 1 0 _aAprovechamiento de residuos agropecuarios para el cultivo de microalgas con fines bioenergéticos
_h[En línea]
_cpor Luis Raúl García Moreno.
260 _aChapingo, Méx. :
_bEl autor,
_c2015.
500 _aPara ver el contenido del material haga clic en la liga
502 _aTesis (Ing. Agr. Esp. en Fitotecnia) -- UACH. Departamento de Fitotecnia
590 _aE5995AHE
_b05
_c20151201
_lUCH01
_h0806
590 _aE5995AHE
_b05
_c20151201
_lUCH01
_h0807
590 _aE5995AHE
_b05
_c20151201
_lUCH01
_h0832
650 1 4 _aAceites vegetales.
_9457
650 1 4 _aBiocombustibles
_xProducción.
_9129610
650 1 4 _aBiomasa.
_912825
650 1 4 _aCompost.
_926105
856 _aFinding aid
_uhttp://10.13.5.2/tesis/sist112048.pdf
_zTeclea aquí
901 _aBK
942 _cTESIS
942 _n0
999 _c108509
_d108509